[Event "Laval op"]
[Site "Laval"]
[Date "2019.06.22"]
[Round "3"]
[White "Baran, Marius"]
[Black "Huang, Qiuyu"]
[Result "0-1"]
[WhiteElo "1648"]
[BlackElo "2181"]
[PlyCount "68"]
[EventDate "2019.06.21"]
[EventType "swiss"]
[EventRounds "5"]
[EventCountry "CAN"]
[SourceTitle "CBM 191 Extra"]
[Source "ChessBase"]
[SourceDate "2019.09.30"]
[SourceVersion "1"]
[SourceVersionDate "2019.09.30"]
[SourceQuality "1"]

1. e4 c5 2. Nc3 Nc6 3. f4 g6 4. Nf3 Bg7 5. Bb5 Nd4 6. 0-0 Nxb5 7. Nxb5 d6 8. c4 a6 9. Nc3 Nh6 10. h3 0-0 11. d3 f5 12. Qe1 Bd7 13. Ng5 Nf7 14. Nxf7 Rxf7 15. a4 Bc6 16. a5 Qd7 17. Nd5 Re8 18. Rb1 Bxd5 19. exd5 e6 20. Qg3 exd5 21. cxd5 Qa4 22. Bd2 Qc2 23. Bc3 Bxc3 24. bxc3 Qxc3 25. Rfe1 Rfe7 26. Re6 Qd4+ 27. Kh2 Qxd5 28. Rxg6+ hxg6 29. Qxg6+ Kh8 30. Qh5+ Kg7 31. Qg5+ Kf7 32. Qh5+ Ke6 33. d4 cxd4 34. g4 Qa2+ 0-1

[Event "Montreal Mercredi 05"]
[Site "Montreal"]
[Date "2019.05.24"]
[Round "5"]
[White "Jacquet, Stephane"]
[Black "Baran, Marius"]
[Result "1-0"]
[WhiteElo "1938"]
[BlackElo "1857"]
[PlyCount "181"]
[EventDate "2019.05.08"]
[EventType "swiss"]
[EventRounds "5"]
[EventCountry "CAN"]
[SourceTitle "EXT 2022"]
[Source "ChessBase"]
[SourceDate "2021.10.06"]
[SourceVersion "1"]
[SourceVersionDate "2021.10.06"]
[SourceQuality "1"]

1. d4 Nf6 2. c4 c5 3. d5 b5 4. cxb5 a6 5. bxa6 Bxa6 6. Nc3 g6 7. e4 Bxf1 8. Kxf1 d6 9. g3 Bg7 10. Kg2 0-0 11. Nge2 Qb6 12. Qc2 Nbd7 13. Bd2 Rfb8 14. Rab1 Ng4 15. h3 Nge5 16. b3 Qa6 17. a4 Nd3 18. Nb5 Nb4 19. Bxb4 cxb4 20. Ned4 Bxd4 21. Nxd4 Ne5 22. Nc6 Nxc6 23. dxc6 Rc8 24. Rbc1 Rc7 25. Qd2 Rb8 26. Rc4 Rxc6 27. Rxb4 Rbc8 28. Rb5 Rc2 29. Qd4 Qc6 30. Rb6 Qc3 31. Qxc3 R8xc3 32. a5 Ra2 33. a6 Re3 34. b4 Rxe4 35. b5 Ree2 36. Rf1 Ra5 37. Rb7 Rea2 38. Re1 e6 39. h4 h5 40. Rd1 d5 41. Rc1 Kg7 42. Rcc7 Kf6 43. Rxf7+ Ke5 44. a7 Kd4 45. Rfc7 e5 46. b6 e4 47. Re7 R5a3 48. Rb8 e3 49. Rxe3 Rxe3 50. a8Q Ree2 51. Qxa2 Rxa2 52. Rg8 Rb2 53. Rxg6 Kd3 54. Kf3 d4 55. g4 hxg4+ 56. Kxg4 Ke2 57. f4 d3 58. Rd6 d2 59. Re6+ Kf2 60. Rd6 Ke2 61. f5 d1Q 62. Rxd1 Kxd1 63. f6 Rxb6 64. Kg5 Rb2 65. f7 Rf2 66. Kg6 Ke2 67. h5 Rg2+ 68. Kh6 Rf2 69. Kg7 Rg2+ 70. Kh7 Rf2 71. Kg8 Rg2+ 72. Kh8 Rf2 73. Kg8 Rg2+ 74. Kf8 Rh2 75. Ke7 Rxh5 76. f8Q Re5+ 77. Kd6 Re3 78. Qf5 Rd3+ 79. Kc5 Rf3 80. Qg4 Ke3 81. Kd5 Rf4 82. Qg3+ Rf3 83. Qe5+ Kf2 84. Kd4 Rg3 85. Qf4+ Rf3 86. Qh2+ Ke1 87. Ke4 Rf2 88. Qg1+ Ke2 89. Qc1 Rf1 90. Qc2+ Ke1 91. Ke3 1-0

[Event "Montreal Mercredi 05"]
[Site "Montreal"]
[Date "2019.05.22"]
[Round "3"]
[White "Boudreau, Daniel"]
[Black "Baran, Marius"]
[Result "1/2-1/2"]
[WhiteElo "2023"]
[BlackElo "1857"]
[PlyCount "106"]
[EventDate "2019.05.08"]
[EventType "swiss"]
[EventRounds "5"]
[EventCountry "CAN"]
[SourceTitle "EXT 2022"]
[Source "ChessBase"]
[SourceDate "2021.10.06"]
[SourceVersion "1"]
[SourceVersionDate "2021.10.06"]
[SourceQuality "1"]

1. e4 d5 2. exd5 Nf6 3. Bb5+ Bd7 4. Be2 Bf5 5. Nf3 Nxd5 6. d4 Nc6 7. a3 e6 8. c4 Nf6 9. Nc3 Be7 10. 0-0 0-0 11. b4 Ne4 12. Bb2 Bf6 13. Nxe4 Bxe4 14. Ne5 Bxe5 15. dxe5 Qg5 16. f3 Qe3+ 17. Rf2 Rad8 18. Qe1 Bg6 19. f4 Nd4 20. Bf1 Qxe1 21. Rxe1 Nc6 22. g4 Ne7 23. Kg2 Rd7 24. Kf3 Rfd8 25. Ke3 Bd3 26. Rd2 Bxf1 27. Rxd7 Rxd7 28. Rxf1 g6 29. Rc1 a6 30. Rc3 h6 31. Rd3 Rxd3+ 32. Kxd3 Kf8 33. a4 Ke8 34. b5 axb5 35. axb5 Kd7 36. Ba3 Nc8 37. Bc5 b6 38. Bf8 h5 39. h3 Na7 40. Ke4 hxg4 41. hxg4 c6 42. bxc6+ Nxc6 43. Kd3 Na5 44. Kc3 Kc6 45. Kb4 Nb7 46. Be7 Kd7 47. Bf8 Kc6 48. Be7 Kd7 49. Bh4 Kc6 50. Bf2 Nd8 51. Bh4 Nb7 52. Bf2 Nd8 53. Bh4 Nb7 1/2-1/2

[Event "Montreal Mercredi 05"]
[Site "Montreal"]
[Date "2019.05.15"]
[Round "2"]
[White "Baran, Marius"]
[Black "Beaulieu, Pierre"]
[Result "1-0"]
[WhiteElo "1857"]
[BlackElo "1934"]
[PlyCount "25"]
[EventDate "2019.05.08"]
[EventType "swiss"]
[EventRounds "5"]
[EventCountry "CAN"]
[SourceTitle "EXT 2022"]
[Source "ChessBase"]
[SourceDate "2021.10.06"]
[SourceVersion "1"]
[SourceVersionDate "2021.10.06"]
[SourceQuality "1"]

1. e4 b6 2. d4 Bb7 3. Bd3 e6 4. Nc3 c5 5. d5 Nf6 6. Nge2 exd5 7. exd5 Nxd5 8. Nxd5 Bxd5 9. 0-0 Be7 10. Nf4 Be6 11. Nxe6 fxe6 12. Qh5+ Kf8 13. Qf3+ 1-0

[Event "Montreal Mercredi 04"]
[Site "Montreal"]
[Date "2019.04.24"]
[Round "4"]
[White "Baran, Marius"]
[Black "Guipi Bopala, Prince Eric Jr"]
[Result "1/2-1/2"]
[WhiteElo "1845"]
[BlackElo "1843"]
[PlyCount "42"]
[EventDate "2019.04.03"]
[EventType "swiss"]
[EventRounds "5"]
[EventCountry "CAN"]
[SourceTitle "EXT 2022"]
[Source "ChessBase"]
[SourceDate "2021.10.06"]
[SourceVersion "1"]
[SourceVersionDate "2021.10.06"]
[SourceQuality "1"]

1. e4 e5 2. Nf3 Nc6 3. d4 exd4 4. Bc4 Nf6 5. e5 d5 6. Bb5 Ne4 7. Nxd4 Bd7 8. Bxc6 bxc6 9. 0-0 Bc5 10. f3 Ng5 11. f4 Ne4 12. Be3 0-0 13. Nd2 Nxd2 14. Qxd2 f6 15. Nb3 Bxe3+ 16. Qxe3 fxe5 17. fxe5 Qe7 18. Nc5 Rxf1+ 19. Rxf1 Re8 20. b4 Bg4 21. h3 Bc8 1/2-1/2

[Event "Montreal Mercredi 02"]
[Site "Montreal"]
[Date "2019.03.13"]
[Round "4"]
[White "Baran, Marius"]
[Black "Nunez, Omar"]
[Result "1-0"]
[WhiteElo "1865"]
[BlackElo "1965"]
[PlyCount "51"]
[EventDate "2019.02.20"]
[EventType "swiss"]
[EventRounds "5"]
[EventCountry "CAN"]
[SourceTitle "EXT 2022"]
[Source "ChessBase"]
[SourceDate "2021.10.06"]
[SourceVersion "1"]
[SourceVersionDate "2021.10.06"]
[SourceQuality "1"]

1. e4 d5 2. exd5 Qxd5 3. Nc3 Qa5 4. Nf3 Nf6 5. b4 Qxb4 6. a4 c6 7. Ba3 Qa5 8. Bc4 Bg4 9. h3 Qh5 10. Be2 Bxf3 11. Bxf3 Qe5+ 12. Be2 Nbd7 13. Rb1 Qc7 14. 0-0 e6 15. Bxf8 Nxf8 16. Qc1 Ng6 17. Qa3 0-0-0 18. d3 Rd7 19. Rb3 Nd5 20. Ne4 b6 21. Rfb1 Ngf4 22. Bf1 f5 23. Nd2 Qd6 24. Qb2 Rhd8 25. Nc4 g5 26. Nxd6+ 1-0

[Event "Montreal Mercredi 01"]
[Site "Montreal"]
[Date "2019.01.18"]
[Round "4"]
[White "Baran, Marius"]
[Black "O'Connor, Michael"]
[Result "1-0"]
[WhiteElo "1766"]
[BlackElo "1768"]
[PlyCount "105"]
[EventDate "2019.01.09"]
[EventType "swiss"]
[EventRounds "5"]
[EventCountry "CAN"]
[SourceTitle "EXT 2022"]
[Source "ChessBase"]
[SourceDate "2021.10.06"]
[SourceVersion "1"]
[SourceVersionDate "2021.10.06"]
[SourceQuality "1"]

1. e4 c5 2. Nf3 Nc6 3. d4 cxd4 4. Nxd4 Nf6 5. Nc3 e5 6. Ndb5 d6 7. Nd5 Nxd5 8. exd5 Nb8 9. c4 Be7 10. Bd3 0-0 11. 0-0 f5 12. f3 Nd7 13. Be3 a6 14. Nc3 Nf6 15. Qc2 f4 16. Bf2 Bd7 17. Qe2 Qc7 18. a4 b6 19. Rfe1 a5 20. Rac1 g6 21. b3 Rac8 22. Kh1 Be8 23. Be4 Nd7 24. Nb5 Qb7 25. Qb2 Nc5 26. Bc2 Na6 27. Nc3 Bd7 28. Be4 Rf7 29. Rg1 Qb8 30. Qb1 Nc5 31. Bc2 Na6 32. Rce1 Nb4 33. Be4 Na6 34. g4 Nc5 35. Bc2 Na6 36. Rg2 Nb4 37. Be4 Na6 38. Reg1 Nc5 39. Bc2 Na6 40. h4 Nb4 41. Be4 Qc7 42. g5 Bf5 43. h5 Qd7 44. hxg6 hxg6 45. Rh2 Qd8 46. Bxf5 Rxf5 47. Ne4 Kg7 48. Rg4 Bxg5 49. Qg1 Nd3 50. Bh4 Bxh4 51. Rgxh4 Rf8 52. Rh7+ Kg8 53. Qxg6# 1-0

[Event "Contrecoeur-B"]
[Site "Contrecoeur"]
[Date "2018.11.03"]
[Round "3.5"]
[White "Morin, Louis"]
[Black "Baran, Marius"]
[Result "1-0"]
[WhiteElo "1923"]
[BlackElo "1797"]
[PlyCount "97"]
[EventDate "2018.11.02"]
[EventType "swiss"]
[EventRounds "5"]
[EventCountry "CAN"]
[SourceTitle "EXT 2022"]
[Source "ChessBase"]
[SourceDate "2021.10.06"]
[SourceVersion "1"]
[SourceVersionDate "2021.10.06"]
[SourceQuality "1"]

1. e4 d5 2. exd5 Nf6 3. c4 c6 4. Qa4 Bd7 5. Qb3 Qb6 6. Nc3 Na6 7. Qxb6 axb6 8. dxc6 bxc6 9. Be2 Nb4 10. Kf1 e5 11. Nf3 Nc2 12. Rb1 Bd6 13. d3 h6 14. h3 0-0 15. a3 Bf5 16. g4 Bg6 17. g5 hxg5 18. Bxg5 e4 19. dxe4 Nxe4 20. Nxe4 Bxe4 21. Rd1 Be5 22. Bc1 Bf6 23. Rg1 Rad8 24. Rxd8 Rxd8 25. Bg5 Rd6 26. Bxf6 Rxf6 27. Rg3 c5 28. Nd2 Bf5 29. Bd3 Bxd3+ 30. Rxd3 Nd4 31. b4 Rf4 32. b5 Kf8 33. a4 Ke7 34. a5 bxa5 35. Ra3 a4 36. Rxa4 Nxb5 37. Ra5 Nd4 38. Rxc5 Kd6 39. Rg5 g6 40. Rg4 Ke5 41. Kg2 Kf5 42. f3 Nc2 43. Kf2 g5 44. Ne4 f6 45. Rxf4+ Kxf4 46. Nxf6 Nb4 47. Nd5+ Nxd5 48. cxd5 Ke5 49. Kg3 1-0

[Event "Montreal Mercredi 10"]
[Site "Montreal"]
[Date "2018.10.31"]
[Round "4"]
[White "Baran, Marius"]
[Black "Brassard, Sylvain"]
[Result "1-0"]
[WhiteElo "1769"]
[BlackElo "1804"]
[PlyCount "33"]
[EventDate "2018.10.10"]
[EventType "swiss"]
[EventRounds "5"]
[EventCountry "CAN"]
[SourceTitle "EXT 2022"]
[Source "ChessBase"]
[SourceDate "2021.10.06"]
[SourceVersion "1"]
[SourceVersionDate "2021.10.06"]
[SourceQuality "1"]

1. e4 Nf6 2. e5 Nd5 3. d4 d6 4. Bc4 Nb6 5. Bb3 Nc6 6. e6 fxe6 7. Nf3 Qd7 8. Ng5 d5 9. c3 g6 10. Qf3 Nd8 11. Bc2 Bg7 12. Nxh7 Qc6 13. Bxg6+ Kd7 14. 0-0 e5 15. Qg4+ Ne6 16. Ng5 Kd8 17. Nf7+ 1-0

[Event "Montreal Mercredi 08"]
[Site "Montreal"]
[Date "2018.09.26"]
[Round "5"]
[White "Guipi Bopala, Prince Eric Jr"]
[Black "Baran, Marius"]
[Result "0-1"]
[WhiteElo "1788"]
[BlackElo "1739"]
[PlyCount "170"]
[EventDate "2018.08.29"]
[EventType "swiss"]
[EventRounds "5"]
[EventCountry "CAN"]
[SourceTitle "EXT 2022"]
[Source "ChessBase"]
[SourceDate "2021.10.06"]
[SourceVersion "1"]
[SourceVersionDate "2021.10.06"]
[SourceQuality "1"]

1. d4 d5 2. Bf4 Bf5 3. e3 e6 4. c4 dxc4 5. Bxc4 c6 6. Nc3 Nf6 7. Nf3 Nbd7 8. 0-0 Be7 9. h3 h6 10. a3 0-0 11. b4 Nb6 12. Bd3 Bxd3 13. Qxd3 Nbd5 14. Bh2 Nxc3 15. Qxc3 Ne4 16. Qc2 Qd5 17. Nd2 Nxd2 18. Qxd2 Rad8 19. Qc2 Bd6 20. Rfd1 Bxh2+ 21. Kxh2 e5 22. dxe5 Qxe5+ 23. Kg1 Rd5 24. Rxd5 Qxa1+ 25. Rd1 Qxa3 26. Qd2 c5 27. bxc5 Qxc5 28. Qd7 Qc8 29. Qa4 a6 30. Qa5 Re8 31. Qb6 Kh7 32. Rb1 Re7 33. Rd1 Qc7 34. Rd6 Rd7 35. Qxc7 Rxc7 36. Rb6 Kg8 37. Kf1 Kf8 38. Ke2 Rd7 39. f4 Ke8 40. g4 Kd8 41. g5 Kc7 42. Rb4 h5 43. e4 b5 44. f5 Kb6 45. Ke3 a5 46. Rb1 b4 47. e5 Kb5 48. Ke4 Kc4 49. e6 fxe6 50. fxe6 Re7 51. Ke5 b3 52. Kd6 Re8 53. e7 a4 54. Kd7 Rxe7+ 55. Kxe7 a3 56. Kf7 b2 57. Kxg7 Kc3 58. Kf7 a2 59. Rxb2 Kxb2 60. g6 a1Q 61. g7 Qa2+ 62. Kf8 Qa3+ 63. Kf7 Qb3+ 64. Kf8 Qb4+ 65. Kf7 Qc4+ 66. Kf8 Qc5+ 67. Kf7 Qd5+ 68. Kf8 Qf5+ 69. Ke7 Qg6 70. Kf8 Qf6+ 71. Kg8 h4 72. Kh7 Qf7 73. Kh8 Qh5+ 74. Kg8 Kc3 75. Kf8 Qh6 76. Kf7 Qh7 77. Kf8 Qf5+ 78. Ke7 Qg6 79. Kf8 Qf6+ 80. Kg8 Kd4 81. Kh7 Qf7 82. Kh8 Qh5+ 83. Kg8 Ke5 84. Kf8 Qf5+ 85. Ke7 Qf6+ 0-1

[Event "Montreal Mercredi 08"]
[Site "Montreal"]
[Date "2018.08.29"]
[Round "1"]
[White "Lima, Biakolo"]
[Black "Baran, Marius"]
[Result "1-0"]
[WhiteElo "1912"]
[BlackElo "1763"]
[PlyCount "61"]
[EventDate "2018.08.29"]
[EventType "swiss"]
[EventRounds "5"]
[EventCountry "CAN"]
[SourceTitle "EXT 2022"]
[Source "ChessBase"]
[SourceDate "2021.10.06"]
[SourceVersion "1"]
[SourceVersionDate "2021.10.06"]
[SourceQuality "1"]

1. e4 d5 2. exd5 Nf6 3. d4 Nxd5 4. Nf3 e6 5. Bd3 Be7 6. 0-0 Nd7 7. c3 N7f6 8. Ne5 0-0 9. Nd2 c5 10. dxc5 Bxc5 11. Ndf3 h6 12. a3 Nd7 13. c4 Nxe5 14. Nxe5 Nf6 15. Qe2 Bd7 16. Rd1 Qe7 17. b4 Bd6 18. f4 Ba4 19. Rf1 Rac8 20. c5 Bb8 21. Bb2 Bb3 22. Rae1 Bd5 23. Ng4 Nxg4 24. Qxg4 f5 25. Bxf5 Rxf5 26. Qxf5 Rd8 27. Qg4 Qc7 28. Be5 Qf7 29. Bxb8 Rxb8 30. f5 exf5 31. Rxf5 1-0

[Event "Montreal Mercredi 05"]
[Site "Montreal"]
[Date "2018.06.06"]
[Round "5"]
[White "Baran, Marius"]
[Black "Abdelaal, Ibrahim"]
[Result "0-1"]
[WhiteElo "1747"]
[BlackElo "1827"]
[PlyCount "78"]
[EventDate "2018.05.09"]
[EventType "swiss"]
[EventRounds "5"]
[EventCountry "CAN"]
[SourceTitle "EXT 2022"]
[Source "ChessBase"]
[SourceDate "2021.10.06"]
[SourceVersion "1"]
[SourceVersionDate "2021.10.06"]
[SourceQuality "1"]

1. e4 d5 2. exd5 Nf6 3. d4 Nxd5 4. c4 Nb4 5. a3 N4a6 6. Nc3 e5 7. Be3 exd4 8. Bxd4 Nc6 9. Qe2+ Be6 10. Be3 Nd4 11. Bxd4 Qxd4 12. Nf3 Qf6 13. Nd5 Qh6 14. Qe3 Qxe3+ 15. Nxe3 0-0-0 16. Be2 Be7 17. 0-0 Bf6 18. Rab1 Nc5 19. b4 Ne4 20. Nd5 Bxd5 21. cxd5 Nc3 22. Rbe1 Nxe2+ 23. Rxe2 Rxd5 24. h4 h6 25. Rc1 Rhd8 26. Kh2 a5 27. Rec2 R8d7 28. Ra2 a4 29. Rc4 b5 30. Rc6 Kb7 31. Rac2 Rd3 32. R6c5 Rxa3 33. Rxb5+ Kc8 34. Ra5 Bc3 35. Rb5 Rb3 36. Ra2 a3 37. g3 Rxb4 38. Rc5 Rb2 39. Rxa3 Bb4 0-1

[Event "Montreal Perce Neige"]
[Site "Montreal"]
[Date "2018.04.08"]
[Round "3.3"]
[White "Zhong, Kevin"]
[Black "Baran, Marius"]
[Result "1-0"]
[WhiteElo "2055"]
[BlackElo "1851"]
[PlyCount "63"]
[EventDate "2018.04.??"]
[EventType "swiss"]
[EventRounds "4"]
[EventCountry "CAN"]
[SourceTitle "EXT 2022"]
[Source "ChessBase"]
[SourceDate "2021.10.06"]
[SourceVersion "1"]
[SourceVersionDate "2021.10.06"]
[SourceQuality "1"]

1. e4 c5 2. Ne2 e6 3. d4 cxd4 4. Nxd4 a6 5. Nc3 Qc7 6. Be2 Nf6 7. 0-0 Nc6 8. Be3 Be7 9. f4 d6 10. Qe1 0-0 11. Qg3 Rd8 12. Kh1 Kh8 13. Nxc6 bxc6 14. e5 Ne8 15. Ne4 h6 16. exd6 Nxd6 17. Nxd6 Bxd6 18. Bd4 Bf8 19. Be5 Qe7 20. Bd3 Bb7 21. Rae1 Rd7 22. f5 Qg5 23. Qh3 Bd6 24. fxe6 fxe6 25. Qxe6 c5 26. Bg3 Rdd8 27. Rf3 Qd2 28. Rf2 Qg5 29. Bxd6 Bd5 30. Qe5 c4 31. Bf1 Qh4 32. Qg3 1-0

[Event "Montreal Mercredi 04"]
[Site "Montreal"]
[Date "2018.04.04"]
[Round "1"]
[White "Baran, Marius"]
[Black "Charette, Nicolas"]
[Result "1/2-1/2"]
[WhiteElo "1851"]
[BlackElo "1833"]
[PlyCount "67"]
[EventDate "2018.04.04"]
[EventType "swiss"]
[EventRounds "5"]
[EventCountry "CAN"]
[SourceTitle "EXT 2022"]
[Source "ChessBase"]
[SourceDate "2021.10.06"]
[SourceVersion "1"]
[SourceVersionDate "2021.10.06"]
[SourceQuality "1"]

1. e4 e5 2. Nf3 Nc6 3. d4 exd4 4. Bc4 Nf6 5. e5 d5 6. Bb5 Ne4 7. Nxd4 Bc5 8. Be3 Bd7 9. Bxc6 bxc6 10. 0-0 Qe7 11. f3 Nd6 12. f4 Nc4 13. Bc1 0-0 14. Kh1 f6 15. exf6 Rxf6 16. Re1 Qf7 17. b3 Nd6 18. Be3 Re8 19. c3 Ne4 20. a4 Bd6 21. Ne2 Bxf4 22. Nxf4 Rxf4 23. Nd2 Nf2+ 24. Bxf2 Rxf2 25. Nf3 Rxe1+ 26. Qxe1 Rb2 27. Rb1 Rxb1 28. Qxb1 Qf4 29. Qe1 Qd6 30. b4 Qe6 31. Qxe6+ Bxe6 32. Ne5 Kf8 33. Nxc6 Bd7 34. Nd4 1/2-1/2

[Event "Montreal Mercredi 02"]
[Site "Montreal"]
[Date "2018.02.28"]
[Round "2"]
[White "Baran, Marius"]
[Black "Brassard, Sylvain"]
[Result "1/2-1/2"]
[WhiteElo "1851"]
[BlackElo "1884"]
[PlyCount "127"]
[EventDate "2018.02.21"]
[EventType "swiss"]
[EventRounds "5"]
[EventCountry "CAN"]
[SourceTitle "EXT 2022"]
[Source "ChessBase"]
[SourceDate "2021.10.06"]
[SourceVersion "1"]
[SourceVersionDate "2021.10.06"]
[SourceQuality "1"]

1. e4 g6 2. d4 Bg7 3. Nf3 d6 4. Bc4 Nf6 5. Qe2 c6 6. Bb3 b5 7. 0-0 0-0 8. Re1 Qb6 9. c3 Bb7 10. e5 dxe5 11. dxe5 Nd5 12. e6 f6 13. Bxd5 cxd5 14. Nd4 b4 15. Nd2 bxc3 16. bxc3 Nc6 17. Rb1 Nxd4 18. cxd4 Qc6 19. Nb3 Ba6 20. Qd2 Rfc8 21. Nc5 Rcb8 22. Ba3 Bc8 23. Qe3 f5 24. Nb3 Bf6 25. Nc5 Rb5 26. g3 Rab8 27. Rb3 Rxb3 28. axb3 Qb5 29. Bb2 Rb6 30. Ra1 a6 31. Bc3 Kg7 32. h4 Rb8 33. Ra4 Qc6 34. Qe2 Rxb3 35. Nxb3 Qxa4 36. Nc5 Qc4 37. Qxc4 dxc4 38. Nd7 Bb7 39. Nc5 Bc8 40. f4 h6 41. Kf2 g5 42. hxg5 hxg5 43. fxg5 Bxg5 44. d5+ Bf6 45. Bxf6+ Kxf6 46. Nd7+ Kg7 47. Ke3 a5 48. Kd4 Ba6 49. Nb6 Kf8 50. Na4 c3 51. Ke3 Ke8 52. Kd4 Kd8 53. Ke5 Bd3 54. d6 exd6+ 55. Kxd6 Bb5 56. Nxc3 Be8 57. Ke5 a4 58. Kxf5 a3 59. Kf6 Bh5 60. e7+ Ke8 61. Ke6 Bg4+ 62. Kf6 Bh5 63. Ke6 Bg4+ 64. Kf6 1/2-1/2

[Event "Montreal Mercredi 02"]
[Site "Montreal"]
[Date "2018.02.21"]
[Round "1"]
[White "Chang, Alexander Rz"]
[Black "Baran, Marius"]
[Result "1-0"]
[WhiteElo "1899"]
[BlackElo "1851"]
[PlyCount "143"]
[EventDate "2018.02.21"]
[EventType "swiss"]
[EventRounds "5"]
[EventCountry "CAN"]
[SourceTitle "EXT 2022"]
[Source "ChessBase"]
[SourceDate "2021.10.06"]
[SourceVersion "1"]
[SourceVersionDate "2021.10.06"]
[SourceQuality "1"]

1. e4 c5 2. Nf3 d6 3. d4 cxd4 4. Nxd4 Nf6 5. Nc3 a6 6. Bg5 e6 7. f4 Be7 8. Qf3 Qc7 9. 0-0-0 0-0 10. g4 Nc6 11. Nb3 Bd7 12. Bxf6 Bxf6 13. g5 Be7 14. Bd3 Nb4 15. h4 Rac8 16. Kb1 b5 17. a3 Nxd3 18. Rxd3 Bc6 19. Nd4 Bd7 20. f5 d5 21. exd5 exf5 22. Nxf5 Bxf5 23. Qxf5 b4 24. axb4 Bxb4 25. Rhd1 Qb6 26. Na2 Bd6 27. Rb3 Qa7 28. Nb4 Rc4 29. Nc6 Qc7 30. h5 Rf4 31. Qd3 Ra8 32. g6 fxg6 33. hxg6 hxg6 34. Qxg6 Rf6 35. Qe4 Raf8 36. Rh3 g6 37. Re1 Qf7 38. Ne7+ Bxe7 39. Qxe7 Qxe7 40. Rxe7 Rf1+ 41. Ka2 Rd1 42. Rhh7 Rc8 43. Reg7+ Kf8 44. Rxg6 Rxc2 45. Rxa6 Kg8 46. Rb7 Rc8 47. d6 Rd8 48. Rbb6 Rd7 49. b3 Kf7 50. Ka3 Ra1+ 51. Kb4 Rxa6 52. Rxa6 Rb7+ 53. Kc4 Ke6 54. b4 Kd7 55. b5 Rb8 56. Kc5 Rc8+ 57. Rc6 Ra8 58. Rc7+ Kd8 59. Kc6 Ra1 60. b6 Rc1+ 61. Kb7 Rd1 62. d7 Rb1 63. Ka7 Ra1+ 64. Kb8 Rb1 65. Kb7 Rb2 66. Rc4 Kxd7 67. Rd4+ Ke7 68. Ka6 Ra2+ 69. Kb5 Rb2+ 70. Rb4 Rd2 71. b7 Rd8 72. Kb6 1-0

[Event "Montreal Mercredi 01"]
[Site "Montreal"]
[Date "2018.02.07"]
[Round "5"]
[White "O'Connor, Michael"]
[Black "Baran, Marius"]
[Result "1/2-1/2"]
[WhiteElo "1845"]
[BlackElo "1890"]
[PlyCount "66"]
[EventDate "2018.01.10"]
[EventType "swiss"]
[EventRounds "5"]
[EventCountry "CAN"]
[SourceTitle "EXT 2022"]
[Source "ChessBase"]
[SourceDate "2021.10.06"]
[SourceVersion "1"]
[SourceVersionDate "2021.10.06"]
[SourceQuality "1"]

1. d4 d5 2. c4 e6 3. Nc3 Nf6 4. Bg5 Be7 5. e3 0-0 6. Nf3 Nbd7 7. Qc2 c6 8. Bh4 dxc4 9. Bxc4 Nd5 10. Bg3 Nxc3 11. bxc3 h6 12. 0-0 b5 13. Bd3 Bb7 14. a4 a6 15. Rfb1 c5 16. axb5 axb5 17. Bxb5 Bxf3 18. gxf3 Nf6 19. Qd3 Nh5 20. Qe4 Rxa1 21. Rxa1 Qb6 22. c4 cxd4 23. Qxd4 Bc5 24. Qe4 Nxg3 25. hxg3 Rd8 26. f4 Qd6 27. Ra8 g6 28. Kg2 Rxa8 29. Qxa8+ Kg7 30. Qa1+ Kg8 31. Qf6 h5 32. Be8 Qf8 33. Bb5 Be7 1/2-1/2

[Event "Granby op"]
[Site "Granby"]
[Date "2017.11.26"]
[Round "4"]
[White "Zhong, Kevin"]
[Black "Baran, Marius"]
[Result "1-0"]
[WhiteElo "2060"]
[BlackElo "1903"]
[PlyCount "41"]
[EventDate "2017.11.24"]
[EventType "swiss"]
[EventRounds "5"]
[EventCountry "CAN"]
[SourceTitle "EXT 2022"]
[Source "ChessBase"]
[SourceDate "2021.10.06"]
[SourceVersion "1"]
[SourceVersionDate "2021.10.06"]
[SourceQuality "1"]

1. e4 c5 2. Ne2 d6 3. g3 g6 4. Bg2 Bg7 5. c3 Nc6 6. d4 cxd4 7. cxd4 e5 8. Be3 Nf6 9. h3 0-0 10. 0-0 b6 11. Nbc3 Bb7 12. f4 exd4 13. Nxd4 Re8 14. e5 Nh5 15. Nxc6 Qc8 16. Nb5 Bxc6 17. Nxd6 Qe6 18. Bxc6 Qxh3 19. Qf3 Rac8 20. Bxe8 Rc2 21. Bxf7+ 1-0

[Event "Montreal Mercredi 10"]
[Site "Montreal"]
[Date "2017.11.01"]
[Round "4"]
[White "Baran, Marius"]
[Black "Jean, Robert"]
[Result "1/2-1/2"]
[WhiteElo "1757"]
[BlackElo "1751"]
[PlyCount "78"]
[EventDate "2017.10.11"]
[EventType "swiss"]
[EventRounds "5"]
[EventCountry "CAN"]
[SourceTitle "EXT 2022"]
[Source "ChessBase"]
[SourceDate "2021.10.06"]
[SourceVersion "1"]
[SourceVersionDate "2021.10.06"]
[SourceQuality "1"]

1. e4 c5 2. Nf3 Nc6 3. d4 cxd4 4. Nxd4 Nf6 5. Nc3 d6 6. Bc4 Qb6 7. Nde2 a6 8. Be3 Qa5 9. 0-0 e6 10. a3 b5 11. b4 Qc7 12. Bb3 Bb7 13. f4 Be7 14. f5 e5 15. h3 0-0 16. Qd3 Rad8 17. Rad1 Nb8 18. Nd5 Bxd5 19. Bxd5 Rc8 20. Rc1 Nbd7 21. c4 Nxd5 22. cxd5 Qb8 23. Rxc8 Rxc8 24. Rc1 Rxc1+ 25. Nxc1 Nf6 26. Qc2 h6 27. Kf2 Bd8 28. Nb3 Qc7 29. Qxc7 Bxc7 30. Kf3 Kf8 31. g4 Nd7 32. h4 Bb6 33. g5 Bxe3 34. Kxe3 hxg5 35. hxg5 Nb6 36. Na5 Ke8 37. Kd3 Kd7 38. Kc3 Na4+ 39. Kb3 Nb6 1/2-1/2

[Event "Montreal Mercredi 10"]
[Site "Montreal"]
[Date "2017.10.23"]
[Round "5"]
[White "Millette, Sylvain"]
[Black "Baran, Marius"]
[Result "0-1"]
[WhiteElo "1772"]
[BlackElo "1757"]
[PlyCount "72"]
[EventDate "2017.10.11"]
[EventType "swiss"]
[EventRounds "5"]
[EventCountry "CAN"]
[SourceTitle "EXT 2022"]
[Source "ChessBase"]
[SourceDate "2021.10.06"]
[SourceVersion "1"]
[SourceVersionDate "2021.10.06"]
[SourceQuality "1"]

1. e4 c5 2. d4 cxd4 3. c3 d5 4. Qxd4 dxe4 5. Qxd8+ Kxd8 6. Be3 Nc6 7. Na3 a6 8. 0-0-0+ Ke8 9. Nc4 Be6 10. Bb6 Nf6 11. h3 Nd5 12. Ne2 Nxb6 13. Nxb6 Rd8 14. b3 Rxd1+ 15. Kxd1 f5 16. Nf4 Bf7 17. Nfd5 e6 18. Nc7+ Kd8 19. Nca8 Bc5 20. Bc4 Ke7 21. b4 Bxf2 22. Ke2 Bxb6 23. Nxb6 Rd8 24. b5 axb5 25. Bxb5 e5 26. a4 f4 27. Ra1 Na5 28. Ke1 e3 29. Rd1 Rxd1+ 30. Kxd1 Be6 31. Ke2 Kd6 32. g3 Bxh3 33. gxf4 exf4 34. Nc4+ Nxc4 35. Bxc4 b6 36. Bd3 Bg4+ 0-1

[Event "Montreal Mercredi 08"]
[Site "Montreal"]
[Date "2017.09.27"]
[Round "5"]
[White "Baran, Marius"]
[Black "Jean, Robert"]
[Result "1/2-1/2"]
[WhiteElo "1735"]
[BlackElo "1788"]
[PlyCount "75"]
[EventDate "2017.08.30"]
[EventType "swiss"]
[EventRounds "5"]
[EventCountry "CAN"]
[SourceTitle "EXT 2022"]
[Source "ChessBase"]
[SourceDate "2021.10.06"]
[SourceVersion "1"]
[SourceVersionDate "2021.10.06"]
[SourceQuality "1"]

1. e4 c5 2. Nf3 Nc6 3. d4 cxd4 4. Nxd4 Nf6 5. Nc3 d6 6. Be2 e5 7. Nb3 Be7 8. 0-0 0-0 9. Bg5 a5 10. Bxf6 Bxf6 11. Nd5 a4 12. Nd2 Bg5 13. c3 Ne7 14. Nc4 Nxd5 15. Qxd5 Qc7 16. Qxd6 Qxd6 17. Nxd6 Bd7 18. Rad1 Bc6 19. f3 Rad8 20. Rfe1 Be7 21. Nc4 f6 22. Kf1 Rxd1 23. Rxd1 Rd8 24. Nb6 Kf8 25. Rxd8+ Bxd8 26. Nd5 b5 27. c4 bxc4 28. Bxc4 Ba5 29. Ke2 Ke8 30. Kd3 Kd7 31. Nc3 Kd6 32. b3 axb3 33. axb3 Kc5 34. Nd5 Be1 35. Nc7 Kd6 36. Nd5 Kc5 37. Nc7 Kd6 38. Nd5 1/2-1/2